Living like Jesus : a workbook for theology 4 / (Record no. 2175)

MARC details
000 -LEADER
fixed length control field 00549nam a2200193 4500
003 - CONTROL NUMBER IDENTIFIER
control field OSt
005 - DATE AND TIME OF LATEST TRANSACTION
control field 20240715051526.0
008 - FIXED-LENGTH DATA ELEMENTS--GENERAL INFORMATION
fixed length control field 240715b |||||||| |||| 00| 0 eng d
020 ## - INTERNATIONAL STANDARD BOOK NUMBER
International Standard Book Number 9715013147
040 ## - CATALOGING SOURCE
Original cataloging agency DWCL-Main lib.
Transcribing agency OC
082 ## - DEWEY DECIMAL CLASSIFICATION NUMBER
Classification number Fil. 230 L362 2004
006 - FIXED-LENGTH DATA ELEMENTS--ADDITIONAL MATERIAL CHARACTERISTICS
fixed length control field a
245 ## - TITLE STATEMENT
Title Living like Jesus : a workbook for theology 4 /
260 ## - PUBLICATION, DISTRIBUTION, ETC.
Place of publication, distribution, etc. Phil. :
Name of publisher, distributor, etc. Claretian Publications,
Date of publication, distribution, etc. c2004.
300 ## - PHYSICAL DESCRIPTION
Other physical details 184 p.
Dimensions 22 cm.
650 ## - SUBJECT ADDED ENTRY--TOPICAL TERM
Topical term or geographic name entry element 1. Christianity - Religion aspect.
700 ## - ADDED ENTRY--PERSONAL NAME
Personal name Fr. Lode , Cicm Wostyn
942 ## - ADDED ENTRY ELEMENTS (KOHA)
Source of classification or shelving scheme Dewey Decimal Classification
Suppress in OPAC No
Koha item type Book-Filipiniana
Call number prefix Fil.
Holdings
Withdrawn status Lost status Source of classification or shelving scheme Damaged status Not for loan Home library Current library Shelving location Date acquired Source of acquisition Total Checkouts Full call number Barcode Date last seen Copy number Price effective from Koha item type Uniform Resource Identifier
    Dewey Decimal Classification     College Library College Library Filipiniana 11/18/2004 School Fund   Fil. 230 L362 2004 41238 07/15/2024 c1 07/15/2024 Book-Filipiniana
    Dewey Decimal Classification     College Library College Library Filipiniana 11/18/2004 School Fund   Fil. 230 L362 2004 41239 07/15/2024 c2 07/15/2024 Book-Filipiniana
    Dewey Decimal Classification     College Library College Library Filipiniana 02/08/2010 Donation   Fil. 230 L362 2004 47069 07/15/2024 c3 07/15/2024 Book-Filipiniana